| Tag |
First Indicator |
Second Indicator |
Subfields |
| LEADER |
00000cam a22000008a 4500 |
| 001 |
in00000015725 |
| 005 |
20151007052603.0 |
| 008 |
870518s1988 nyu b 00010 eng |
| 010 |
|
|
|a 87003353
|
| 020 |
|
|
|a 0582286883
|
| 035 |
|
|
|a (OCoLC)15860354
|
| 035 |
|
|
|9 AAA8404AM
|
| 040 |
|
|
|a DLC
|c DLC
|d m/c
|d TXA
|d UtOrBLW
|
| 043 |
|
|
|a d------
|
| 049 |
|
|
|a TXAM
|c [A11484010]
|
| 050 |
0 |
0 |
|a P92.2
|b .S7 1988
|
| 082 |
0 |
|
|a 001.51/09172/4
|2 19
|
| 100 |
1 |
|
|a Stevenson, Robert L.
|
| 245 |
1 |
0 |
|a Communication, development, and the Third World :
|b the global politics of information /
|c Robert L. Stevenson.
|
| 263 |
|
|
|a 8801
|
| 264 |
|
1 |
|a White Plains, N.Y. :
|b Longman,
|c [1988]
|
| 264 |
|
4 |
|c [©1988]
|
| 300 |
|
|
|a xv, 223 pages
|
| 336 |
|
|
|a text
|b txt
|2 rdacontent
|
| 337 |
|
|
|a unmediated
|b n
|2 rdamedia
|
| 338 |
|
|
|a volume
|b nc
|2 rdacarrier
|
| 490 |
1 |
|
|a Communications
|
| 504 |
|
|
|a Bibliography: pages 193-214.
|
| 650 |
|
0 |
|a Communication
|z Developing countries.
|
| 650 |
|
0 |
|a Mass media
|z Developing countries.
|
| 650 |
|
0 |
|a Communication
|x International cooperation.
|
| 650 |
|
0 |
|a Communication, International.
|
| 830 |
|
0 |
|a Communications (Annenberg School of Communications (University of Pennsylvania))
|
| 999 |
|
|
|a MARS
|
| 999 |
f |
f |
|s 9400cd35-39b1-3e87-aa8d-6303ee711b3e
|i 1240141e-8be7-3251-b3e4-4a74b58d7cf3
|t 0
|
| 952 |
f |
f |
|p ric
|a Texas A&M University
|b Rellis Campus
|c Joint Library Facility
|s JLF
|d Remote Storage
|t 0
|e P92.2 .S7 1988
|h Library of Congress classification
|i unmediated -- volume
|m A14811484010
|
| 998 |
f |
f |
|a P92.2 .S7 1988
|t 0
|l Remote Storage
|